Cyteen /

Bibliographic Details
Main Author: Cherryh, C. J.
Format: Book
Language:English
Published: New York, NY : Warner Books, [1988]

MARC

Tag First Indicator Second Indicator Subfields
LEADER 00000cam a2200000 a 4500
001 in00000762521
005 20151016170939.0
008 871009s1988 nyub 00011 eng
010 |a  87029985  
020 |a 0446514284 
035 |a (OCoLC)16900887 
035 |9 ADJ8409AM 
040 |a DLC  |c DLC  |d TXA  |d UtOrBLW 
049 |a TXAM  |c [A11539661] 
050 0 0 |a PS3553.H358  |b C98 1988 
082 0 |a 813/.54  |2 19 
100 1 |a Cherryh, C. J. 
245 1 0 |a Cyteen /  |c C.J. Cherryh. 
264 1 |a New York, NY :  |b Warner Books,  |c [1988] 
264 4 |c ©1988 
300 |a 680 pages :  |b maps ;  |c 24 cm. 
336 |a text  |b txt  |2 rdacontent 
337 |a unmediated  |b n  |2 rdamedia 
338 |a volume  |b nc  |2 rdacarrier 
999 |a MARS 
999 f f |s 16d2cffb-ea84-368e-96ba-a2cd2d06ab45  |i 4c3fe7b5-3a1d-35c9-88fe-9cd45670220b  |t 0 
952 f f |p ric  |a Texas A&M University  |b Rellis Campus  |c Joint Library Facility  |s JLF  |d Remote Storage  |t 0  |e PS3553.H358 C98 1988  |h Library of Congress classification  |i unmediated -- volume  |m A14811539661 
998 f f |a PS3553.H358 C98 1988  |t 0  |l Remote Storage